Rules of engagement (Record no. 66812)
[ view plain ]
| 000 -LEADER | |
|---|---|
| fixed length control field | 01054cam a2200217 4500 |
| 001 - CONTROL NUMBER | |
| control field | ABS63908 |
| 008 - FIXED-LENGTH DATA ELEMENTS--GENERAL INFORMATION | |
| fixed length control field | 000000n2001 000 0 eng u |
| 035 ## - SYSTEM CONTROL NUMBER | |
| System control number | (Sirsi) u112176 |
| 100 ## - MAIN ENTRY--PERSONAL NAME | |
| Personal name | Hamson, L. |
| 245 ## - TITLE STATEMENT | |
| Title | Rules of engagement |
| 260 ## - PUBLICATION, DISTRIBUTION, ETC. | |
| Date of publication, distribution, etc. | 2001 |
| 490 ## - SERIES STATEMENT | |
| Series statement | Property Week |
| Volume/sequential designation | 66(14) 6 April 2001, 40-42(3) |
| 520 ## - SUMMARY, ETC. | |
| Summary, etc. | Discusses the Ministry of Defence's shakeout out of its property services. It has been announced that Defence Estates is planning to extend prime contracting to its estate management. There are fears by some firms that the number of surveyors used to service the properties will be cut back substantially. It will be some months before the firms know their fate and the new estate management strategy will not be implemented until 2004. Table shows the extent of properties and land owned by the Ministry of Defence. |
| 590 ## - LOCAL NOTE (RLIN) | |
| Local note | ABS |
| 650 ## - SUBJECT ADDED ENTRY--TOPICAL TERM | |
| Topical term or geographic name entry element | MINISTRY OF DEFENCE |
| 650 ## - SUBJECT ADDED ENTRY--TOPICAL TERM | |
| Topical term or geographic name entry element | DEFENCE ESTATES |
| 650 ## - SUBJECT ADDED ENTRY--TOPICAL TERM | |
| Topical term or geographic name entry element | PRIME CONSULTING |
| 650 ## - SUBJECT ADDED ENTRY--TOPICAL TERM | |
| Topical term or geographic name entry element | PROPERTY SERVICES |
| 690 ## - LOCAL SUBJECT ADDED ENTRY--TOPICAL TERM (OCLC, RLIN) | |
| Topical term or geographic name as entry element | PROPERTY MANAGEMENT |
| 9 (RLIN) | 6262 |
| 942 ## - ADDED ENTRY ELEMENTS (KOHA) | |
| Suppress in OPAC | 0 |
| Withdrawn status | Lost status | Source of classification or shelving scheme | Damaged status | Not for loan | Home library | Current library | Shelving location | Date acquired | Total Checkouts | Full call number | Barcode | Date last seen | Copy number | Price effective from | Koha item type |
|---|---|---|---|---|---|---|---|---|---|---|---|---|---|---|---|
| Dewey Decimal Classification | London | London | Journal article | 26/04/2001 | ABS63908 | 112176-1001 | 06/08/2019 | 1 | 06/08/2019 | Journal article |